Ten Most Stable Countries of the World - Statistics

General Stats
  • This quiz has been taken 119 times
  • The average score is 9 of 10
Answer Stats
Rank Hint Answer % Correct
1 F Finland
99%
4 D Denmark
94%
2 N Norway
94%
9 I Iceland
88%
10 C Canada
85%
8 S Sweden
84%
5 S Switzerland
84%
6 A Australia
83%
7 I Ireland
82%
3 N New Zealand
72%
No matching quizzes found
Score Distribution
Percent of People with Each Score
Percentile by Number Answered
Your Score History
You have not taken this quiz